Szczegóły MARC21

Wychowawcza i edukacyjna rola domu dziecka w Polsce /

003 -Nazwa inst., której nr kontr. jest w polu 001 [,]
    • @
    • Nazwa instytucji, której n kontrolny jest w polu 001
    • NUKAT
005 -DATA I CZAS OSTATNIEJ MODYFIKACJI [,]
    • @
    • pole kontrolne
    • 20241231101906.0
020 -Międzynarod. znormalizowany nr książki - ISBN [ , ]
    • a
    • Numer ISBN
    • 9788361121176 Find
040 -Instytucja sporządzająca opis [ , ]
    • a
    • Instytucja, która sporządziła opis (NP)
    • TOR U/MoM
    • c
    • Instytucja, która sporządziła rekord (NP)
    • TOR U/MoM
    • d
    • Instytucja, która zmodyfikowała rekord (P)
    • TOR U/MS
    • d
    • Instytucja, która zmodyfikowała rekord (P)
    • POZN U/HAs
942 -Rodzaj dokumentu [ , ]
    • c
    • Rodzaj dokumentu
    • Książka
100 -Hasło główne - nazwa osobowa [1, ]
    • a
    • Nazwa osobowa (NP)
    • Kamińska, Urszula
    • c
    • Dopowiedzenie inne niż daty biograficzne (P)
    • (pedagogika społeczna).
    • 9
    • KHW
    • 583081
245 -Strefa tytułu i oznaczenia odpowiedzialności [1,0]
    • a
    • Tytuł
    • Wychowawcza i edukacyjna rola domu dziecka w Polsce / Find
    • c
    • Pozostałe elementy strefy tytułu i oznaczenia odpowiedzialności (NP)
    • Urszula Kamińska ; Wyższa Szkoła Pedagogiczna Towarzystwa Wiedzy Powszechnej w Warszawie.
260 -Strefa adresu wydawniczego [ , ]
    • a
    • Miejsce wydania (P)
    • Warszawa :
    • b
    • Nazwa wydawcy (P)
    • Wydawnictwo Wyższej Szkoły Pedagogicznej TWP,
    • c
    • Data wydania (P)
    • 2010.
300 -Strefa opisu fizycznego [ , ]
    • a
    • Określenie formy książki i/lub objętość (NP)
    • 224 s. ;
    • c
    • Format (NP)
    • 24 cm.
336 -Typ zawartości [ , ]
    • a
    • Termin opisujący typ zawartości
    • Tekst
    • b
    • Kod określający zawartość
    • txt
    • 2
    • Źródło (terminu i kodu)
    • rdacontent
337 -Typ mediów [ , ]
    • a
    • Tryb odtwarzania
    • Bez urządzenia pośredniczącego
    • b
    • Kod typu mediów
    • n
    • 2
    • Źródło (terminu i kodu)
    • rdamedia
338 -Typ/rodzaj nośnika [ , ]
    • a
    • Hasło opisujące typ nośnika
    • Wolumin
    • b
    • Kod typu nośnika
    • nc
    • 2
    • Źródło (terminu i kodu)
    • rdacarrier
504 -Uwaga dot. bibliogr. załącznikowej [ , ]
    • a
    • Uwaga dot. bibliografii załącznikowej
    • Bibliogr. s. 215-224.
080 -Uniwersalna Klasyfikacja Dziesiętna [ , ]
    • 2
    • Identyfikator wydania tablic
    • UDC-P058
    • 9
    • UKD
    • 3842
    • a
    • Symbol klasyfikacji
    • 37.018.3
    • b
    • Dopowiedzenie
    • Wychowanie w placówkach opiekuńczo-wychowawczych. Internaty. Wioski dziecięce. Domy dziecka.
    • 4
    • UKD2
    • 7642
    • x
    • Poddział wspólny
    • (438)
    • c
    • Dopowiedzenie poddz. wspólnego
    • (Polska).
650 -Hasło przedmiotowe [ ,7]
    • a
    • Hasło przedmiotowe
    • Wychowanie dzieci
    • z
    • Określnik geograficzny
    • Polska
    • y
    • Określnik chronologiczny
    • 1990-.
    • 2
    • Źródło terminu
    • kaba
    • 9
    • KHW
    • 361668
650 -Hasło przedmiotowe [ ,7]
    • a
    • Hasło przedmiotowe
    • Domy dziecka
    • z
    • Określnik geograficzny
    • Polska
    • y
    • Określnik chronologiczny
    • 1990-.
    • 2
    • Źródło terminu
    • kaba
    • 9
    • KHW
    • 597769
650 -Hasło przedmiotowe [ ,7]
    • a
    • Hasło przedmiotowe
    • Sieroty
    • x
    • Określnik rzeczowy
    • opieka i pomoc
    • z
    • Określnik geograficzny
    • Polska
    • y
    • Określnik chronologiczny
    • 1990-.
    • 2
    • Źródło terminu
    • kaba
    • 9
    • KHW
    • 614619
980 -Symbol UKD [ , ]
    • a
    • UKD
    • 37.018.3(438)
710 -Hasło dodatkowe - nazwa ciała zbiorowego [2, ]
    • a
    • Nazwa ciała zbiorowego lub nazwa geograficzna jako pierwszy element (NP)
    • Towarzystwo Wiedzy Powszechnej.
    • b
    • Nazwa jednostki podrzędnej (P)
    • Wyższa Szkoła Pedagogiczna (Warszawa).
    • b
    • Nazwa jednostki podrzędnej (P)
    • Wydawnictwo.
    • 4
    • Kod relacji
    • pbl
    • 9
    • KHW
    • 53471
920 -ISBN [ , ]
    • a
    • ISBN
    • 978-83-61121-17-6 Find
Numer inwentarzowy Status udost. Data inwentaryzacji Lokalizacja
Z.11488512010-12-15BG
WM.11937-32010-12-15BG
WM.11938-32010-12-15BG